Kremnické gagy Európsky festival humoru a satiry : 26.-28. august 2011 : 31. ročník

Bibliographic Details
Main Authors: Faklová, Kristína (Author), Šustek, Marcel (Author), Jablonovský, František, 1956- (Author), Zlatošová, Hana (Author), Fakla, Ján, 1960- (Author)
Corporate Author: Kremnické gagy Kremnica, Slovensko
Other Authors: Čillík, Ivan (fotograf) (Photographer), Lašut, Filip, 1945-2012 (Photographer), Hosenseidl, Jiří (Photographer), Majorošová, Miroslava (Photographer), Bachratý, Ctibor, 1955-2023 (Photographer)
Format: Conference Proceeding Book
Language:Slovak
PhysicalDescription:15 s. fotogr. 30 cm
Published: [Banská Bystrica] G.A.G. - umelecká agentúra 2011
ISBN:9788085657326 (brož.)
Edition:[1. vyd.]
Subjects:

MARC

LEADER 00000nam a22000005a 4500
001 vtls010315727
003 SK-MaSNL
005 20260302045425.0
008 111003s2011 xo o g f 000 0 slo
015 |a SNBE2013 
020 |a 9788085657326 (brož.) 
040 |a SNK  |b slo  |c SNK  |e AACR2 
041 0 |a slo 
043 |a e-xo--- 
044 |a xo  |c SK 
072 7 |a 7.01/.09  |x Umenie  |2 konspekt 
080 |a 7.079  |2 2001 
080 |a 82-7  |2 2001 
080 |a (437.6)  |2 2001 
080 |a (083.97)  |2 2001 
080 |a 398.23  |2 2001 
111 2 |a Kremnické gagy  |n (31. :  |d 2011 :  |c Kremnica, Slovensko)  |9 702497 
245 1 0 |a Kremnické gagy  |b Európsky festival humoru a satiry : 26.-28. august 2011 : 31. ročník  |c [redakčne i autorsky pripravili: Kristína Faklová ... [et al.] ; fotografie poskytli: Ivan Čillík ... [et al.]] 
250 |a [1. vyd.] 
260 |a [Banská Bystrica]  |b G.A.G. - umelecká agentúra  |c 2011 
300 |a 15 s.  |b fotogr.  |c 30 cm 
366 |e 53 000 výt. 
500 |a Festivalové noviny ... Kremnické gagy ... ako príloha denníka SME 11.8.2011, týždenníka týždeň č. 33, pre obyvateľov mesta Kremnica a pre účastníkov festivalu 
500 |a Názov z obalu 
611 2 7 |a Kremnické gagy  |n (31. :  |d 2011 :  |c Kremnica, Slovensko)  |2 SNKKA  |9 702497 
650 0 7 |a umelecké festivaly a prehliadky  |2 SNKPH  |9 182604 
650 0 7 |a humor  |2 SNKPH  |9 1763 
650 0 7 |a satira  |2 SNKPH  |9 1764 
650 0 7 |a Art festivals  |2 SNKPHeng  |9 326603 
650 0 7 |a humor  |2 SNKPHeng  |9 1763 
650 0 7 |a Satire  |2 SNKPHeng  |9 268748 
651 7 |a Kremnica (Slovensko)  |2 SNKPH  |9 26188 
651 7 |a Kremnica (Slovakia)  |2 SNKPHeng  |9 275910 
655 7 |a programy  |2 SNKPH  |9 70598 
655 7 |a Programs  |2 SNKPHeng  |9 330885 
655 7 |a noviny  |2 SNKPH  |9 72987 
700 1 |a Faklová, Kristína  |4 aut  |4 red  |9 429070 
700 1 |a Šustek, Marcel  |4 aut  |4 red  |9 429071 
700 1 |a Jablonovský, František,  |d 1956-  |4 aut  |4 red  |9 104698 
700 1 |a Zlatošová, Hana  |4 aut  |4 red  |9 702498 
700 1 |a Fakla, Ján,  |d 1960-  |4 aut  |4 red  |9 135488 
700 1 |a Čillík, Ivan  |c (fotograf)  |4 pht  |9 162522 
700 1 |a Lašut, Filip,  |d 1945-2012  |4 pht  |9 151668 
700 1 |a Hosenseidl, Jiří  |4 pht  |9 702499 
700 1 |a Majorošová, Miroslava  |4 pht  |9 702500 
700 1 |a Bachratý, Ctibor,  |d 1955-2023  |4 pht  |9 89935 
919 |a 978-80-85657-32-6 
999 |c 1093513  |d 1095443 
952 |a SNK  |b SNK  |y PREZ  |7 0  |p 17A0720236  |o snkOSB 16484  |i snk2011/20408  |8 0  |0 0  |1 0  |4 0  |d 2011-10-03  |l 0  |r 2026-02-24 17:04:52  |w 2026-02-24 
952 |a SNK  |b SNK  |y PREZ  |7 0  |p 17A0720235  |o snkOSB 16484 D1  |i snk2011/20410  |8 0  |0 0  |1 0  |4 0  |d 2011-10-03  |l 0  |r 2026-02-24 17:04:52  |w 2026-02-24